000 02756nam0a2200385 4500
001 RU\NLR\BIBL_A\022138250
005 20240227131548.0
010 _a978-5-6046665-6-2
_9100
021 _aRU
_bКН-П-24-001084
_9КН-П-24-0097
035 _a(NLR Aleph) 022138250
035 _a(RuMoRGB)012496415
090 _a12857011
_c12857011
100 _a20240215d2023 u y0rusy50 ca
101 0 _arus
102 _aRU
105 _aa|||j|||000yy
181 0 _ai
_baxxe
182 0 _an
200 1 _aОсновы санитарной и пищевой микробиологии
_eучебник для вузов
_eдля студентов, обучающихся по направлениям подготовки 19.03.02 - Продукты питания из растительного сырья, 10.03.03 - Продукты питания животного происхождения, 36.03.01 - Ветеринарно-санитарная экспертиза, 06.03.01 - Биология, 05.03.06 - Экология и природопользование, 19.03.01 - Биотехнология, 35.03.03 - Пгрохимия и агропочвоведение
_fА. В. Козлов, Д. В. Снегирев
_gРоссийский государственный аграрный университет - МСХА имени К. А. Тимирязева
203 _aТекст
_bвизуальный
_cнепосредственный
210 _aМосква
_cПлодородие
_d2023
215 _a336 с.
_cил., табл.
_d22
300 _aНа обороте тит. с. авт.: Козлов А. В., д-р биол. наук, доц., Снегирев Д. В., преподаватель
320 _aБиблиогр.: с. 331-334 (37 назв.) и в подстроч. примеч.
606 1 _aПищевые продукты
_jУчебники для высших учебных заведений
_xСанитарно-микробиологический контроль
_92395105
_3RU\NLR\AUTH\661428072
606 1 _aОкружающая среда
_jУчебники для высших учебных заведений
_xСанитарно-микробиологические исследования
_91807180
_3RU\NLR\AUTH\66814728
675 _a614.31(075.8)
_v4
686 1 _aР123.16я73-1
686 1 _aР121.1-1я73-1
700 1 _7ca
_8rus
_aКозлов
_bА. В.
_cд-р биол. наук, агрохимия
_gАндрей Владимирович
_996598
_3RU\NLR\AUTH\77113673
701 1 _aСнегирев
_bД. В.
_gДмитрий Владимирович
942 _cBOOK
980 _aNB